SYSTEMIZING PROJECT MANAGEMENT (PRACTICES) AT ELECTRONIC SYSTEMS INC. (Record no. 351081)
[ view plain ]
| 000 -LEADER | |
|---|---|
| fixed length control field | 00621nam a22001937a 4500 |
| 003 - CONTROL NUMBER IDENTIFIER | |
| control field | OSt |
| 005 - DATE AND TIME OF LATEST TRANSACTION | |
| control field | 20180116183033.0 |
| 008 - FIXED-LENGTH DATA ELEMENTS--GENERAL INFORMATION | |
| fixed length control field | 151222b xxu||||| |||| 00| 0 eng d |
| 020 ## - INTERNATIONAL STANDARD BOOK NUMBER | |
| International Standard Book Number | 03-839-2010-1 |
| 024 ## - OTHER STANDARD IDENTIFIER | |
| Source of number or code | 03-839-2010-1 |
| 040 ## - CATALOGING SOURCE | |
| Transcribing agency | Lahore LUMS |
| 082 ## - DEWEY DECIMAL CLASSIFICATION NUMBER | |
| Classification number | 174.4 LUM 2010 |
| 100 ## - MAIN ENTRY--PERSONAL NAME | |
| Personal name | Chatha, KA |
| 245 ## - TITLE STATEMENT | |
| Title | SYSTEMIZING PROJECT MANAGEMENT (PRACTICES) AT ELECTRONIC SYSTEMS INC. |
| Statement of responsibility, etc. | Chatha, KA |
| 260 ## - PUBLICATION, DISTRIBUTION, ETC. | |
| Place of publication, distribution, etc. | Lahore LUMS |
| Name of publisher, distributor, etc. | Lahore University of Management Sciences |
| Date of publication, distribution, etc. | 2010 |
| 300 ## - PHYSICAL DESCRIPTION | |
| Extent | 22 p. |
| Other physical details | Papers |
| 440 ## - SERIES STATEMENT/ADDED ENTRY--TITLE | |
| Title | SYSTEMIZING PROJECT MANAGEMENT (PRACTICES) AT ELECTRONIC SYSTEMS INC. |
| 942 ## - ADDED ENTRY ELEMENTS (KOHA) | |
| Source of classification or shelving scheme | |
| Koha item type | Case Studies |
| Withdrawn status | Lost status | Source of classification or shelving scheme | Damaged status | Not for loan | Collection code | Permanent Location | Current Location | Shelving location | Date acquired | Total Checkouts | Full call number | Barcode | Date last seen | Date last checked out | Price effective from | Koha item type |
|---|---|---|---|---|---|---|---|---|---|---|---|---|---|---|---|---|
| Central Library (CL) | Central Library (CL) | Reference | 12/22/2015 | 1 | 174.4 LUM 2010 | NBS9914 | 02/25/2016 | 01/20/2016 | 12/22/2015 | Case Studies |
